La alternativa radical (Record no. 22659)

MARC details
000 -LEADER
campo de control de longitud fija 00801nam a2200229 i 4500
001 - NÚMERO DE CONTROL
campo de control 22659
003 - IDENTIFICADOR DE NÚMERO DE CONTROL
campo de control ES-MaACL
005 - FECHA Y HORA DE LA ÚLTIMA TRANSACCIÓN
campo de control 20250811051205.0
008 - DATOS DE LONGITUD FIJA--INFORMACIÓN GENERAL
campo de control de longitud fija 021204s1981 sp |||| | spa d
020 ## - NÚMERO INTERNACIONAL ESTÁNDAR DEL LIBRO
Número Internacional Estándar del Libro 84-245-0314-7
245 03 - MENCIÓN DEL TÍTULO
Título La alternativa radical
Resto del título : (textos radicales italianos y españoles) /
Mención de responsabilidad, etc. Marco Pannella ... [et al.] ; edición de Santiago Castillo y Manuel Pérez Ledesma.
260 ## - PUBLICACIÓN, DISTRIBUCIÓN, ETC.
Lugar de publicación, distribución, etc. Madrid :
Nombre del editor, distribuidor, etc. Fundamentos,
Fecha de publicación, distribución, etc. [1981]
300 ## - DESCRIPCIÓN FÍSICA
Extensión 375 p. ;
Dimensiones 20 cm.
490 1# - MENCIÓN DE SERIE
Mención de serie Ciencia. Política ;
Designación de volumen o secuencia 122
650 04 - PUNTO DE ACCESO ADICIONAL DE MATERIA--TÉRMINO DE MATERIA
Término de materia o nombre geográfico como elemento de entrada Radicalismo.
9 (RLIN) 16661
700 1# - ENTRADA AGREGADA--NOMBRE PERSONAL
Nombre de persona Pannella, Marco.
9 (RLIN) 88804
700 1# - ENTRADA AGREGADA--NOMBRE PERSONAL
Nombre de persona Castillo, Santiago.
9 (RLIN) 36722
700 1# - ENTRADA AGREGADA--NOMBRE PERSONAL
Nombre de persona Pérez Ledesma, Manuel,
Fechas asociadas al nombre 1944-2018
9 (RLIN) 90962
830 0# - PUNTO DE ACCESO ADICIONAL DE SERIE-TÍTULO UNIFORME
Título uniforme Ciencia. Política ;
Designación de volumen o secuencia 122
9 (RLIN) 183323
852 ## - LOCALIZACIÓN
Ubicación ES-MaACL
Número de control de estantería L-9892
Holdings
Estatus retirado Estado de pérdida Estado de daño No para préstamo Biblioteca de origen Biblioteca actual Ubicación en estantería Fecha de adquisición Fuente de adquisición Total de préstamos Signatura topográfica completa Código de barras Visto por última vez Precio de reemplazo Tipo de ítem Koha
        Biblioteca del Ateneo de Madrid Biblioteca del Ateneo de Madrid Depósito 2 17/01/2008     L-9892 1023329 23/02/2023 23/02/2023 Libro impreso